00604nam a22002057a 450000500170000001000110001702000100002803500110003803700160004904000120006508200150007710000160009224501190010826000470022727000510027430000230032565000120034865000200036070000180038020170124105952.0 a750928 c25.00 a750928 bCen Lib/Ret aDPLbEN a332.2bBAJ aBajaj, K. K aLaws relating to invitation and acceptance of fixed deposits :cby K. K. Bajaj [and] V. R. Kochharbby companies / aNew DelhibBajaj Capital Investment Centre a'F' Block Connaught Place bNew Delhie110001 aix,157p.c21cm(Hb) aEconomy aFinance economy aKochhar, V. R